000 00319nam a2200121Ia 4500
008 240731s9999 xx 000 0 und d
022 _a2151-9668
245 0 _aJournal of Iberian and Latin American Research
260 _bRoutledge
856 _uhttps://www.tandfonline.com/loi/rjil20
942 _2ddc
942 _cTFEJ
999 _c77826
_d77826
945 _a1
_bMadushi Gamage
_c1
_dMadushi Gamage